Statystyki dla 10 najbardziej na wschód wysuniętych stolic Azji

Kliknij tutaj aby rozwiązać quiz!

Ogólne statystyki

  • Ten quiz został rozwiązany 48 razy
  • Średni wynik to 7 z 10

Statystyki odpowiedzi

DługośćStolica% Poprawnych
126°59′ESeul
98%
139°42′ETokio
98%
125°44′EPjongjang
95%
116°24′EPekin
93%
120°58′EManila
79%
106°48′EDżakarta
74%
121°38′ETajpej
67%
106°55′EUłan Bator
55%
114°57′EBandar Seri Begawan
33%
125°35′EDili
33%

Rozkład punktacji

Percentyl według liczby udzielonych odpowiedzi

Procent ludzi z każdym wynikiem

Twoja historia wyników

Nie rozwiązałeś tego quizu